000 00794nas a2200277 4500
001 BR9001172
003 BR-BrBNA
005 20231205091834.0
007 ta
008 230509b bl.|||p| |||| 00| 00por d
040 _aBR-BrBNA
_bpor
_cBiblioteca Nacional de Agricultura
041 _a(En)
072 _aL53
100 1 _aSimplicio, A.A.
100 1 _aFigueiredo, A.A.P. de
100 1 _aRiera, G.S.
100 1 _aFoote, W.C.
245 1 _aPuberty in four genotypes of female goats in Northeast Brazil
650 _aCABRA
650 _aOVULACAO
650 _aGENOTIPO
650 _aSOBRAL
773 0 _tPesquisa Agropecuaria Brasileira (Brazil)
_xISSN 0100-204X
_g(Mar 1990), v. 25(3) p. 455-459
_wBR9001172
909 _a202311
_bLúcia
_c55
_dLúcia Elande
942 _2AGRIS
_n0
_cANA
999 _c127664
_d127664